| 000 | 00000nas##2200000za#4500 |
|---|---|
| 001 | 9.512953 |
| 003 | CaOODSP |
| 005 | 20211117142334 |
| 007 | ta |
| 008 | 150406c2001||||xxc|| m #||||f| |0fre|d |
| 040 | |aCaOODSP|bfre |
| 043 | |an-cn--- |
| 086 | 1 |aEn152-1F |
| 110 | 2 |aCentre Saint-Laurent. |
| 245 | 10|aRapport scientifique et technique |
| 260 | |aMontréal - Québec : |bEnvironnement Canada. |
| 775 | 08|tScientific and technical report |w(CaOODSP)9.514551 |
| 776 | 0#|tRapport scientifique et technique |w(CaOODSP)9.501370 |